Computer vision and applications:a guide for students and practitioners (Record no. 2430)
[ view plain ]
| 000 -LEADER | |
|---|---|
| fixed length control field | 00617nam a2200217Ia 4500 |
| 003 - CONTROL NUMBER IDENTIFIER | |
| control field | OSt |
| 005 - DATE AND TIME OF LATEST TRANSACTION | |
| control field | 20220107122658.0 |
| 008 - FIXED-LENGTH DATA ELEMENTS--GENERAL INFORMATION | |
| fixed length control field | 130318s9999 xx 000 0 und d |
| 020 ## - INTERNATIONAL STANDARD BOOK NUMBER | |
| International Standard Book Number | 8131208451 |
| 040 ## - CATALOGING SOURCE | |
| Transcribing agency | IIITMK |
| 082 ## - DEWEY DECIMAL CLASSIFICATION NUMBER | |
| Classification number | 0056.37 JAH/C |
| 100 ## - MAIN ENTRY--PERSONAL NAME | |
| Personal name | Jahne, Bermt |
| 9 (RLIN) | 16930 |
| 245 ## - TITLE STATEMENT | |
| Title | Computer vision and applications:a guide for students and practitioners |
| 260 ## - PUBLICATION, DISTRIBUTION, ETC. | |
| Name of publisher, distributor, etc. | Academic Press |
| Place of publication, distribution, etc. | U.S.A |
| Date of publication, distribution, etc. | 2000 |
| 300 ## - PHYSICAL DESCRIPTION | |
| Extent | 679 |
| Accompanying material | CD ROM |
| 650 ## - SUBJECT ADDED ENTRY--TOPICAL TERM | |
| Topical term or geographic name entry element | PATTERN RECOGNITION |
| 9 (RLIN) | 16931 |
| 650 ## - SUBJECT ADDED ENTRY--TOPICAL TERM | |
| Topical term or geographic name entry element | SENSORS AND IMAGING |
| 9 (RLIN) | 16932 |
| 650 ## - SUBJECT ADDED ENTRY--TOPICAL TERM | |
| Topical term or geographic name entry element | SIGNAL PROCESSING |
| 9 (RLIN) | 16933 |
| 700 ## - ADDED ENTRY--PERSONAL NAME | |
| Personal name | Haubecker, Hors |
| 9 (RLIN) | 16934 |
| 942 ## - ADDED ENTRY ELEMENTS (KOHA) | |
| Source of classification or shelving scheme | Dewey Decimal Classification |
| Koha item type | Books |
| Withdrawn status | Lost status | Source of classification or shelving scheme | Damaged status | Not for loan | Collection code | Home library | Current library | Shelving location | Date acquired | Cost, normal purchase price | Total Checkouts | Full call number | Barcode | Date last seen | Date last checked out | Price effective from | Koha item type |
|---|---|---|---|---|---|---|---|---|---|---|---|---|---|---|---|---|---|
| Dewey Decimal Classification | Computer Vision | Kerala University of Digital Sciences, Innovation and Technology Knowledge Centre | Kerala University of Digital Sciences, Innovation and Technology Knowledge Centre | Computer Science | 18/03/2013 | 443.00 | 1 | 006.37 JAH/C | 2450 | 25/08/2023 | 24/07/2023 | 18/03/2013 | Books |